00329nam a2200121Ia 4500008004100000041000800041082001400049100001700063245004500080260004200125300003100167365000900198240624s9999 xx 000 0 und d aeng a658.4 PAL aPALADINO BOB aINNOVATIVE CORPORATE PERFORMANCE MANAGEM c2011aNew JerseybJohn Wiley and Sons axvi, : 415 : p. : cm. ; 23 cb27